000 01172nam a2200205Ia 4500
001 11493
003 GE_BSU
008 181216s||||||||xx |||||||||||||| ||und||
040 _cGE_BSU
100 _aგამცემლიძე,გ; დევიძე,გ; ცირეკიძე,ა.
245 _aფიზიკა
245 _bსახელმძღვ.უმაღლ.სასწავლებლების მოსამზად.განყოფილების მსმენელებისა და აბიტურიენტებისათვის.
245 _cრედ:გ.გამცემლიძე; მხატვ:ო.ვარვარიძე.
260 _aთბილისი
260 _bთბილისის უნ-ტის გამ-ბა.
260 _c1986
300 _a573გვ;22სმ.ილ.
653 _aფიზიკა.სახელმძღვ.უმაღლ.სასწავლებლების მოსამზად.განყოფილების მსმენელებისა და აბიტურიენტებისათვის.
942 _cBK
999 _c44689
_d44689